Quizzes
Events
Quiz Creation
Community
Videos
Private Events
Remove Ads
Sign In
Join for FREE
Feedback
Dark Mode
Quiz Categories
Sports
Geography
Music
Movies
Television
Just For Fun
Miscellaneous
History
Literature
Language
Science
Gaming
Entertainment
Religion
Holiday
For Kids
Quiz Lab
Recent
Popular Today
Quiz Kudos Today
Editor Picks
Curator Picks
Quizzes by...
Day
Popularity
Type
Ratings
Length
Year
Community
Subscriptions
Recent Discussions
Orange Saloon
Badges
Playlists
Quests
Create
Leaderboards
Showdown
Live 5
Trivia Bingo
Activity
Puzzle Library
Sporcle Events
Private Events
Virtual Trivia
Globe League
Become a Host
Pub Owners
SporcleCon
Opinionation
Our Games
Videos
Blog
Mobile Apps
Partnerships
Remove Ads and Go Orange
Feedback
Music
Pop Music
The Beatles
Song
Album
Lyrics
Bands
Singers
Artist
Clip
Rock
Rap
Classical
Billboard
Country Music
Kpop
Taylor Swift
Music
Pop Music
The Beatles
Song
Album
Lyrics
Bands
Singers
Artist
Clip
Rock
Rap
Classical
Billboard
Country Music
Kpop
Taylor Swift
Random Quiz
Search Sporcle
×
Quiz Lab
Quiz Lab
Music
alice
Type in answers that appear in a list
Type in answers that appear in a list
Classic
Best Score? Go Orange.
'Rain When I Die' Stats
Can you name the Alice in Chains lyrics to Rain When I Die?
By
MusicPenguin
7m
180 Questions
271 Plays
271 Plays
271 Plays
Comments
Comments
Give Quiz Kudos
Give Quiz Kudos
-
- Ratings
hide this ad
Replay
Link that replays current quiz
Next Quiz
Link to next quiz in quiz playlist
You Got
0%
They Got
Avg Score
68%
Avg Friend Score
Upgrade to see
Score Distribution
Jump to the score distribution portion of the page
Score
0/180
Timer
07:00
0
Plays Today
% Correct
rain
97.8%
rain
97.8%
rain
97.8%
rain
97.8%
when
97.4%
when
97.4%
when
97.4%
when
97.4%
die
96.3%
die
96.3%
die
96.3%
it
94.1%
gonna
92.6%
gonna
92.6%
gonna
92.6%
gonna
92.6%
it's
92.3%
it's
92.3%
it's
92.3%
it's
92.3%
think
91.1%
think
91.1%
think
91.1%
think
91.1%
she
89.7%
she
89.7%
she
89.7%
she
89.7%
she
89.7%
she
89.7%
she
89.7%
She
89.7%
she
89.7%
she
89.7%
She
89.7%
She
89.7%
she
89.7%
she
89.7%
she
89.7%
she
89.7%
my
88.2%
my
88.2%
my
88.2%
my
88.2%
my
88.2%
my
88.2%
Oh,
86.7%
Oh
86.7%
Oh
86.7%
Oh,
86.7%
me
82.3%
me ?
82.3%
me ?
82.3%
me
82.3%
me
82.3%
me
82.3%
me
82.3%
me ?
82.3%
me
82.3%
me
82.3%
% Correct
me ?
82.3%
me
82.3%
to
80.8%
to
80.8%
to
80.8%
to
80.8%
to
80.8%
to
80.8%
An'
80.4%
An'
80.4%
name ?
80.1%
name ?
80.1%
name ?
80.1%
name ?
80.1%
call
79.7%
call
79.7%
call
79.7%
call
79.7%
Is
79.3%
a
78.6%
the
78.6%
the
78.6%
I
78.2%
I
78.2%
I
78.2%
I
78.2%
I
78.2%
I
78.2%
I
78.2%
I
78.2%
I
78.2%
I
78.2%
I
78.2%
Did
76.8%
did
76.8%
did
76.8%
did
76.8%
did
76.8%
did
76.8%
know
72.3%
know
72.3%
so
71.2%
you
71.2%
so
71.2%
So
71.2%
So
71.2%
can
70.5%
frustration ?
68.6%
can't
65.7%
can't
65.7%
ready
64.9%
I'm
63.1%
no
63.1%
Will
63.1%
will
63.1%
hate
62.7%
in
62%
break
60.5%
try,
59%
try
59%
% Correct
her
57.9%
strong,
56.1%
won't
56.1%
won't
56.1%
won't
56.1%
slow
55.7%
castration
55.7%
take
53.1%
want
53.1%
now
51.7%
now
51.7%
don't
51.7%
love
51.7%
come
51.3%
riddle
50.9%
not,
50.6%
on
49.8%
on
49.8%
but
49.1%
inside
48.7%
here
48.7%
Was
46.9%
cry
46.5%
said
46.1%
let
46.1%
hates
45.8%
hates
45.8%
What
45.4%
something
43.2%
again,
42.1%
or
41.7%
slipping
41%
why,
41%
at
40.6%
life
38.7%
slowly
38.7%
help
38.7%
Slowly
38.7%
nothing
38.4%
hide
38%
run,
36.9%
Could
36.5%
stares,
34.3%
stares
34.3%
lie,
34.3%
explain
33.9%
Prob'ly
33.6%
Ain't
32.5%
climbing
31.4%
save
31.4%
against
29.9%
held
29.5%
keep
23.2%
ground,
22.9%
ground
22.9%
forgive
22.9%
trying
19.6%
Caught
18.1%
lying
17%
ice
16.6%
Quiz Playlist
Details
Report
Send in Message
Add To Playlist
Classic:
Type in answers that appear in a list
Quiz Source
Last Updated: Feb 16, 2017
Quiz Scoreboard
CHALLENGE
Sign Up to Join the Scoreboard
Show All
Scores
Hide
Comments
May contain spoilers
Recently Published
Popular People in 1961
by mucciniale
History
6m
1-10 Letter E Words III
by El_Dandy
Language
2m
One Thing in Common: World Cities II
by knightlancer
Geography
7m
More to Explore
Quiz From the Vault
Featured Blog Post
Where Did the Easter Bunny Come From?
hide this ad
You Might Also Like...
Tags
alice
death
rain
Today's Top Quizzes in Music
Browse Music
hide this ad
Today's Top Quizzes in alice
Browse alice
Top Contributed Quizzes in Music
1
Taylor Swift All Songs (2024)
2
2010s Album by Cover III
3
Taylor Swift Logic Puzzle
4
One Thing in Common: Music
5
Guess the Artist- 70s Songs
6
Guess the Taylor Swift song (Mystery Song)
7
2010s Album by Cover V
8
2010s Album by Cover IV
9
Lana Del Rey Discography (BTD to DYKTTATUOB)
10
KPOP LOGIC QUIZ
Explore More
Trending Topics
Disney
Crossword
Kpop
NBA
Harry Potter
Marvel
Anime
The Office
NFL
Song
Pokémon
Soccer
Country
Puzzle
WWE
hide this ad
More By:
MusicPenguin
Quiz
Plays
Rating
Category
Featured
Created
Mystery lyrics for Alice in Chains
321
Music
Sep 28, 2012
'Rain When I Die'
271
5.00
Music
Sep 28, 2012
Mystery Song by Alice in Chains
244
Music
Sep 29, 2012
Alice in Chains Last Hurrah
151
3.50
Music
Oct 7, 2012
Stone Temple Pilots' #2
148
4.00
Music
Oct 19, 2012
Go to Creator's Profile
Score Distribution
Quiz Creator Spotlight
MusicPenguin
Follow
Send a Message
Quizzes Created
-
Created Quiz Play Count
-
More By This Creator
Popular Quizzes Today
1
Find the US States - No Outlines Minefield
2
The Countries of the World
3
Find the Countries of Europe - No Outlines Minefield
4
Popular People in 1961
5
1-10 Letter E Words III
6
Find the US States
7
One Thing in Common: World Cities II
8
US States
More Music Quizzes
'Someone and the Somethings' Band Names
Published
Trending Quizzes
Risky Map Clicking: Least Populous States A-Z
1-10 Letter F Words
1-10 Letter G Words
One Thing in Common: United Kingdom
Risky Map Clicking: Next State Alphabetically
Recently Updated
Leaping Animals
pecheneg
Reality TV Shows (A-Z)
bhenderson79
Rickey Henderson's Hall of Fame Teammates
pecheneg
Champions League XIs: Arsenal
pecheneg
Quick Pick: Celebrities in WWE's Hall of Fame
aduchscher
A-Z Keypad Blitz II
pecheneg
Multiple Oscar Actors
pecheneg
Mystery Phrase Blitz: Oscar 'Best Actors'
pecheneg
F. Scott Fitzgerald Novels
LTH
Pick 3 Villains
ddd62291
Trending Topics
Disney
Crossword
Harry Potter
Anime
Kpop
NBA
Marvel
Soccer
Puzzle
Song
The Office
WWE
Country
Pokémon
NFL
Your Account Isn't Verified!
In order to create a playlist on Sporcle, you need to verify the email address you used during registration. Go to your
Sporcle Settings
to finish the process.
Report this User
Report this user for behavior that violates our
Community Guidelines
.
Details:
Send Report
Go to the Sporcle.com Mobile Site →
Comments